Sobre el derecho de las naciones a la autodeterminación

Kaydedildi:
Detaylı Bibliyografya
Yazar: Lenin, Vladimir Ilich
Materyal Türü: Metin
Baskı/Yayın Bilgisi: Moscú: Progreso
Etiketler: Etiketle
Etiket eklenmemiş, İlk siz ekleyin!

MARC

LEADER 00000 a a2200000 04500
001 24780
003
040
090 |a 174600  
100 |a Lenin, Vladimir Ilich  
245 |a Sobre el derecho de las naciones a la autodeterminación  
260 |a Moscú:   |b Progreso  
300 |a 80 p.  
999 |c 14878  |d 14878